| 000 | 00963nam a22002417a 4500 | ||
|---|---|---|---|
| 999 |
_c6227 _d6227 |
||
| 003 | AR-CdUCM | ||
| 008 | 190314b ||||| |||| 00| 0 spa d | ||
| 040 |
_aMUNICIPALIDAD PROVINCIAL DEL CUSCO _cBIBLIOTECA MUNICIPAL DEL CUSCO |
||
| 082 |
_a082.985 / _bCHCCV67 |
||
| 100 |
_aMartos, Marco _91115 |
||
| 245 | _aCabellera de Berenice / | ||
| 260 |
_aTrujillo : _bLibertad, _c1992. |
||
| 300 |
_a94 páginas ; _c20 cm. |
||
| 440 |
_aColección homenaje al centenario de César Vallejo _n6-7 _917946 |
||
| 500 | _aPaginación con impresión de sello al agua. | ||
| 505 | _aContenido: Cuaderno de buen amor -- La separacion de los amantes -- El otro retrato -- Flores para Lou Andreas Salomé... | ||
| 650 |
_aPoesía _9444 |
||
| 650 |
_aPoesía peruana _911982 |
||
| 650 |
_aSiglo XX _98 |
||
| 710 |
_aMunicipalidad provincial de Trujillo casa del artista. _tColección homenaje al centenario de César Vallejo _917670 |
||
| 942 |
_2ddc _cLIBROS |
||
| 945 | _aJavier | ||